| 000 | 00378nam a2200157Ia 4500 | ||
|---|---|---|---|
| 999 |
_c776 _d776 |
||
| 003 | OSt | ||
| 005 | 20190927190743.0 | ||
| 008 | 190722s9999 xx 000 0 und d | ||
| 020 | _a978-0073525198 | ||
| 040 | _cmaju | ||
| 100 | _aW.C.Benton JR | ||
| 245 | 0 | _aPurchaseing and Supply chain Management | |
| 260 |
_aIndia _bMCGraw Hill ED _c2015 |
||
| 300 | _a549 | ||
| 942 |
_cBK _2ddc |
||